书目信息 |
| 题名: |
佩文斋书画谱
|
|
| 作者: | 王原祁 辑 | |
| 分册: | 第五册 | |
| 出版信息: | 北京 北京市中国书店 1984 |
|
| 页数: | 2199-2944页 | |
| 开本: | 19cm | |
| 丛书名: | ||
| 单 册: | ||
| 中图分类: | Z82 | |
| 科图分类: | ||
| 主题词: | 中国画-技法(美术) , 技法(美术)-中国画 , 法书--中国--现代--选集 , 图书馆目录 | |
| 电子资源: | ||
| ISBN: | ||
| 000 | 00753nam0 2200277 45 | |
| 001 | 0184003782 | |
| 005 | 20040512162237.5 | |
| 010 | @dCNY17.95 | |
| 100 | @a19950428d1984 emky0chiy0121 ea | |
| 101 | 0 | @achi |
| 102 | @aCN@b110000 | |
| 105 | @ah z 000yy | |
| 106 | @ar | |
| 200 | 10 | @a佩文斋书画谱@h第五册@Apei wen zhai shu hua pu@f(清)王原祁等辑@F(Qing)Wang Yuan Qi Deng Ji |
| 205 | @b影印本 | |
| 210 | @a北京@c北京市中国书店@d1984 | |
| 215 | @a2199-2944页@d19cm | |
| 606 | @a中国画-技法(美术) | |
| 606 | @a技法(美术)-中国画 | |
| 606 | @a法书@y中国@z现代@x选集 | |
| 606 | 0 | @a图书馆目录 |
| 690 | @aZ82 | |
| 701 | 0 | @a王原祁@4辑 |
| 801 | 0 | @aCN@b上海图书馆@c20040512 |
| 801 | 2 | @aCN@bNLC@c20040512 |
| 905 | @f2@b131270-271@dZ82@e4:5 | |
| 佩文斋书画谱.第五册/(清)王原祁等辑.-影印本.-北京:北京市中国书店,1984 |
| 2199-2944页;19cm |
| ISBN :CNY17.95 |
| ● |
| 相关链接 |
|
|
|
|
正题名:佩文斋书画谱
索取号:Z82/4:5
 
预约/预借
| 序号 | 登录号 | 条形码 | 馆藏地/架位号 | 状态 | 备注 |
| 1 | 0131270 | 001316445 | 第三借阅区/ [索取号:Z82/4:5] | 在馆 | |
| 2 | 0131271 | 001316329 | 第三借阅区/ [索取号:Z82/4:5] | 在馆 | |
| 3 | 0131272 | 202130782 | 第二样本阅览室/ [索取号:Z82/4:5] | 在馆 |